Φορτώνει......
Khulee hava /
| Κύριος συγγραφέας: | |
|---|---|
| Μορφή: | Printed Book |
| Γλώσσα: | Hindi |
| Έκδοση: |
Delhi :
Manak Grandh academy ,
1976.
|
| Θέματα: |
| LEADER | 00486nam a2200157Ia 4500 | ||
|---|---|---|---|
| 008 | 150624b xxu||||| |||| 00| 1 hin d | ||
| 082 | |a 863.M3 | ||
| 100 | |a Madhulika | ||
| 245 | |c Madhulika |a Khulee hava / | ||
| 260 | |a Delhi : |b Manak Grandh academy , |c 1976. | ||
| 300 | |a 137 p. | ||
| 546 | |a In Hindi. | ||
| 650 | |v Fiction | ||
| 942 | |c BK | ||
| 999 | |c 90668 |d 90668 | ||
| 952 | |0 0 |1 0 |4 0 |6 863_000000000000000_M3_KHU_H |7 0 |9 90610 |a UL |b UL |c ST2 |d 1998-09-15 |l 0 |o 863.M3 KHU H |p 32329 |r 2012-10-27 |w 2012-10-27 |y BK | ||